000 01029nmm a2200301 a 4500
001 ocm000924661
003 TR-IsHL
005 20201028145630.0
008 150110s2014 tu tur
007 cr cn
020 _a9786053311461
035 _a924661
_b(N$T)
050 0 4 _aPK6561.I19
_bK47 2014
090 0 4 _aPK6561.I19
_bK47 2014
100 1 _aKeshavarziazad, Marjan
245 1 0 _aSıradan bir hikaye
_h[electronic resource] /
_cMarjan Keshavarziazad ; resimleyen Afra Nobahar; İngilizceden çeviren Fulya Alikoç
250 _a1. baskı
260 _aİstanbul :
_bEvrensel Basım Yayın,
_c2014
300 _a22 p.
650 4 _aDil ve Edebiyat
650 4 _aLanguage and Literature
650 0 _aÇocuk edebiyatı, Farsça
650 0 _aChildren literature, Persian
650 7 _aJUVENILE FICTION / Historical / Middle East
_2bisacsh
700 1 _aNobahar, Afra
700 1 _aAlikoç, Fulya
856 4 0 _uhttp://search.ebscohost.com/login.aspx?direct=true&scope=site&db=e011xww&AN=924661
999 _c10050
_d10050